Critical issues in the philosophy of science and religion (Record no. 4428)

MARC details
000 -LEADER
fixed length control field 00878 a2200241 4500
010 ## - LIBRARY OF CONGRESS CONTROL NUMBER
LC control number ENG-86305
020 ## - INTERNATIONAL STANDARD BOOK NUMBER
International Standard Book Number 8172149026
Terms of availability 150.00
035 ## - SYSTEM CONTROL NUMBER
System control number EN-69838
037 ## - SOURCE OF ACQUISITION
Source of stock number/acquisition D.B.Act / Pub
082 14 - DEWEY DECIMAL CLASSIFICATION NUMBER
Classification number 215
090 ## - LOCALLY ASSIGNED LC-TYPE CALL NUMBER (OCLC); LOCAL CALL NUMBER (OCLC)
-- 4516
-- 4516
100 1# - MAIN ENTRY--PERSONAL NAME
Personal name Perumalil, Augustine
245 1# - TITLE STATEMENT
Title Critical issues in the philosophy of science and religion
Statement of responsibility, etc by Augustine Perumalil
260 ## - PUBLICATION, DISTRIBUTION, ETC. (IMPRINT)
Place of publication, distribution, etc Delhi
Name of publisher, distributor, etc Indian Society for Promoting Christian Knowledge,
Date of publication, distribution, etc 2006.
260 ## - PUBLICATION, DISTRIBUTION, ETC. (IMPRINT)
Name of publisher, distributor, etc Indian Institute of Science and Religion
Place of publication, distribution, etc Pune
300 ## - PHYSICAL DESCRIPTION
Extent xii, 198 p. ;
Dimensions 22 cm. (Hb)
500 ## - GENERAL NOTE
General note Includes bibliographical references and index
650 #0 - SUBJECT ADDED ENTRY--TOPICAL TERM
Topical term or geographic name as entry element Philosophy of science
650 #0 - SUBJECT ADDED ENTRY--TOPICAL TERM
Topical term or geographic name as entry element Philosophy of religion
710 ## - ADDED ENTRY--CORPORATE NAME
Corporate name or jurisdiction name as entry element Indian Institute of Science and Religion
942 ## - ADDED ENTRY ELEMENTS (KOHA)
Institution code [OBSOLETE] dpl
Koha item type English Books
Call number prefix 215 / PER
Holdings
Withdrawn status Lost status Source of classification or shelving scheme Damaged status Not for loan Home library Current library Date acquired Cost, normal purchase price Total Checkouts Barcode Date last seen Uniform Resource Identifier Cost, replacement price Price effective from Koha item type
    Dewey Decimal Classification   Not For Loan D.B.Act.Division D.B.Act.Division   150.00   EN-69838 15/09/2008 4679 150.00 15/09/2008 English Books

© Delhi Public Library
Hit Counter
free hit counter